000 01181nam a2200313 a 4500
001 000113615
003 CHAP
005 20220329144404.0
008 170829s2017 mx a fsm |||||||spa d
010 _a110076
011 _a111048
040 _cCHAP
090 _aTesis
100 1 _aLira Candelas, Ana Lilia de
_9133084
245 1 0 _aRendimiento de Trébol rojo (Trifolium pratense L.) a diferente edad de cosecha en la estacion primavera /
_h[En línea]
_cpor Ana Lilia de Lira Candelas.
260 _aChapingo, Méx. :
_bEl autor,
_c2017.
500 _aPara ver el contenido del material haga clic en la liga
502 _aTesis (Ing. Agr. Esp. en Zootecnia) -- UACH. Departamento de Zootecnia
590 _aE8697GMM
_b05
_c20170829
_lUCH01
_h1140
590 _aE8697GMM
_b05
_c20170829
_lUCH01
_h1417
650 1 4 _aTrifolium pratense
_xCosecha.
_9132952
650 1 4 _aTrifolium pratense
_xCrecimiento.
_9132951
650 1 4 _aTrifolium pratense
_xFisiología y morfología.
_9132949
650 1 4 _aTrifolium pratense
_xRendimiento.
_9132950
856 _aFinding aid
_uhttp://10.13.5.2/tesis/sist113615.pdf
_zTeclea aquí
901 _aBK
942 _cTESIS
942 _n0
999 _c110076
_d110076